Electric machinery fundamentals (Record no. 4520)
[ view plain ]
| 000 -LEADER | |
|---|---|
| fixed length control field | 00484 a2200181 4500 |
| 020 ## - INTERNATIONAL STANDARD BOOK NUMBER | |
| International Standard Book Number | 0-07-115155-9 |
| 020 ## - INTERNATIONAL STANDARD BOOK NUMBER | |
| International Standard Book Number | 0-07-246523-9 |
| 040 ## - CATALOGING SOURCE | |
| Original cataloging agency | DLC |
| Language of cataloging | DLC |
| 082 ## - DEWEY DECIMAL CLASSIFICATION NUMBER | |
| Classification number | 621.310 42 |
| 100 1# - MAIN ENTRY--PERSONAL NAME | |
| Personal name | Chapman, Stephen J. |
| 245 00 - TITLE STATEMENT | |
| Title | Electric machinery fundamentals |
| Statement of responsibility, etc. | Stephen J. Chapman |
| 250 ## - EDITION STATEMENT | |
| Edition statement | 4. ed. |
| 260 ## - PUBLICATION, DISTRIBUTION, ETC. | |
| Place of publication, distribution, etc. | Boston : |
| Name of publisher, distributor, etc. | McGraw-Hill Higher Education, |
| Date of publication, distribution, etc. | 2005 |
| 300 ## - PHYSICAL DESCRIPTION | |
| Extent | 746 s. |
| 650 #0 - SUBJECT ADDED ENTRY--TOPICAL TERM | |
| Topical term or geographic name entry element | Electric machinery |
| 650 #0 - SUBJECT ADDED ENTRY--TOPICAL TERM | |
| Topical term or geographic name entry element | Electric machines |
| 942 ## - ADDED ENTRY ELEMENTS (KOHA) | |
| Koha item type | Book |
| Call number prefix | 621.31042 CHA |
| Source of classification or shelving scheme | |
| Withdrawn status | Lost status | Damaged status | Not for loan | Collection code | Permanent Location | Current Location | Shelving location | Date acquired | Source of acquisition | Cost, normal purchase price | Total Checkouts | Total Renewals | Full call number | Barcode | Date last seen | Date last checked out | Price effective from | Koha item type | Checked out | Source of classification or shelving scheme |
|---|---|---|---|---|---|---|---|---|---|---|---|---|---|---|---|---|---|---|---|---|
| Central Library (CL) | Central Library (CL) | General Stacks | 09/16/2005 | Allied Book Company | 1404.77 | 6 | 3 | 621.31042 CHA | SEECS006439 | 01/26/2026 | 09/12/2025 | 01/05/2017 | Book | |||||||
| Central Library (CL) | Central Library (CL) | General Stacks | 09/16/2005 | Allied Book Company | 1404.77 | 6 | 5 | 621.31042 CHA | SEECS006438 | 09/22/2025 | 09/22/2025 | 01/05/2017 | Book | 10/22/2025 | ||||||
| Central Library (CL) | Central Library (CL) | General Stacks | 08/16/2005 | Allied Book Company | 1404.77 | 6 | 1 | 621.31042 CHA | SEECS006288 | 03/15/2021 | 03/15/2021 | 01/05/2017 | Book | 07/13/2021 | ||||||
| Central Library (CL) | Central Library (CL) | General Stacks | 09/16/2005 | Allied Book Company | 1404.77 | 1 | 621.31042 CHA | SEECS006437 | 01/28/2026 | 01/20/2014 | 01/05/2017 | Book | ||||||||
| Central Library (CL) | Central Library (CL) | General Stacks | 04/14/2014 | 10 | 3 | 621.31042 CHA | SEECSD00695 | 11/27/2025 | 09/06/2024 | 01/05/2017 | Book | |||||||||
| Central Library (CL) | Central Library (CL) | General Stacks | 06/27/2013 | Donation | 0.00 | 8 | 1 | 621.31042 CHA | SEECSD00943 | 09/09/2025 | 09/09/2025 | 01/05/2017 | Book | 10/09/2025 | ||||||
| Central Library (CL) | Central Library (CL) | General Stacks | 06/27/2013 | Donation | 0.00 | 14 | 6 | 621.31042 CHA | SEECSD00942 | 12/31/2025 | 09/10/2025 | 01/05/2017 | Book | |||||||
| Central Library (CL) | Central Library (CL) | Electrical Engineering | 11/12/2021 | Donation | 4 | 3 | 621.31042 CHA | CL-D-1399 | 01/02/2026 | 09/09/2025 | 11/12/2021 | Book |
